000 00590nam a22001817a 4500
005 20251108164059.0
008 250721s1998 xx 000 0 ara d
082 1 4 _a004.65/حجا
100 1 _aأبو الحجاج، أسامه يوسف
245 1 0 _aدليلك الشخصي إلى عالم الإنترنت /
264 1 _aالقاهرة :
_bنهضة مصر للنشر والتوزيع،
_c1998.
300 _a248ص.
650 1 7 _aشبكات الإتصالات
650 1 7 _aشبكات الحواسيب
650 1 7 _aشبكات المعلومات
942 _2ddc
_cBK
999 _c3104
_d3104